000 00300nam a2200133Ia 4500
008 190723s9999 xx 000 0 und d
020 _a978-1-4886-1129-2
100 _aRomney
245 0 _aAcounting System
250 _a13th
260 _aAustralia
_bPearson
_c2015
300 _a734.:p
942 _cBK
999 _c1895
_d1895